| 000 | 01772nam a2200469Ii 4500 | ||
|---|---|---|---|
| 001 | DIGFCE1951 | ||
| 003 | NyNyDIG | ||
| 008 | 230524s2021 mx o 001 0bspa d | ||
| 006 | m o d | ||
| 007 | cr ||||||||||| | ||
| 035 | _a(OCoLC)1380642992 | ||
| 040 |
_aDGITA _beng _erda _epn _cDGITA |
||
| 020 |
_a9786071672568 _qePub |
||
| 020 |
_z9789681669959 _qrústico |
||
| 043 | _an-mx--- | ||
| 050 | 1 | 4 | _aPQ7297.A853 ebook |
| 100 | 1 |
_aPaso, Fernando del, _d1935-2018, _eauthor. |
|
| 245 | 1 | 0 |
_aMemoria y olvido : _bvida de Juan José Arreola, 1920-1947 / _cFernando del Paso. |
| 250 | _aPrimera edición en libro electrónico. | ||
| 264 | 1 |
_aCiudad de México : _bFondo de Cultura Económica, _c2021. |
|
| 264 | 4 | _c©2003 | |
| 300 | _a1 online resource. | ||
| 336 |
_atext _btxt _2rdacontent |
||
| 337 |
_acomputer _bc _2rdamedia |
||
| 338 |
_aonline resource _bcr _2rdacarrier |
||
| 347 |
_atext file _2rdaft |
||
| 347 | _bPDF | ||
| 347 | _bEPUB | ||
| 490 | 1 | _aTierra firme | |
| 504 | _aIncludes index. | ||
| 588 | 0 | _aOnline resource; title from PDF title page (Digitalia, viewed May 24, 2023) | |
| 600 | 1 | 0 |
_aArreola, Juan José _vBiography. |
| 650 | 0 |
_aAuthors, Mexican _y20th century _vBiography. |
|
| 655 | 7 |
_aBiographies. _2lcgft |
|
| 776 | 0 | 8 |
_iPrint version: _aPaso, Fernando del, 1935-2018. _tMemoria y olvido. _bPrimera edición. _dCiudad de México : Fondo de Cultura Económica, 2003 _z9789681669959 |
| 791 | 2 |
_aDigitalia (Firm), _edistributor. |
|
| 793 | 0 |
_gDigitalia eBook Collection: _aFondo de Cultura Económica |
|
| 830 | 0 | _aColección Tierra firme (Fondo de Cultura Económica (Mexico)) | |
| 856 | 4 | 0 |
_3Digitalia Hispánica _uhttps://www.digitaliapublishing.com/a/119992/ |
| 910 | _aPremium collection: 2023 | ||
| 942 | _cRAA | ||
| 999 |
_c276112 _d276112 |
||